| 000 | 00744cam a22002054a 4500 | ||
|---|---|---|---|
| 001 | 12754390 | ||
| 005 | 20241209110036.0 | ||
| 008 | 020425s2003 mauab b 001 0 eng | ||
| 020 | _a9780072397703 | ||
| 050 | 0 | 0 |
_aQH75 _b.V37 2003 |
| 082 | 0 | 0 |
_a333.95/16 _221 |
| 100 | 1 |
_aDyke, Fred Van _d1954- |
|
| 245 | 1 | 0 |
_aConservation biology : _bfoundations, concepts, applications / _cFred Van Dyke. |
| 260 |
_aBoston : _bMcGraw-Hill, _cc2003. |
||
| 300 |
_axvii, 413 p. : _bill. (some col.), maps ; _c28 cm. |
||
| 650 | 0 | _aConservation biology. | |
| 856 | 4 | 2 |
_3Publisher description _uhttp://www.loc.gov/catdir/description/mh024/2002070880.html |
| 856 | 4 | 1 |
_3Table of contents _uhttp://www.loc.gov/catdir/toc/mh023/2002070880.html |
| 942 |
_2lcc _cBK _n0 |
||
| 999 |
_c1983 _d1983 |
||